Departamentos de Tucumán - Estadísticas

Estadísticas generales
  • Esta prueba ha sido intentada 150 veces
  • La puntuación promedio es 11 de 17
Estadísticas de respuestas
Respuesta % Correcto
Tafí viejo
92%
San Miguel de Tucumán
90%
Tafí del valle
90%
Yerba buena
84%
Burruyacú
73%
Lules
71%
Chicligasta
70%
Trancas
68%
Monteros
65%
Famaillá
63%
Simoca
63%
Juan Bautista Alberdi
62%
La cocha
57%
Graneros
56%
Leales
52%
Rio chico
46%
Cruz alta
44%
No se encontraron pruebas coincidentes
Distribución de puntuación
Porcentaje de gente con cada puntuación
Porcentaje por número respondido
Historial de tus puntuaciones
No has intentado esta prueba.